Sports in Mario and Sonic at the Olympic Games (QCC) - Statistics

General Stats
  • This quiz has been taken 71 times
    69 since last reset
  • The average score is 7 of 19
Answer Stats
Sports % Correct
Swimming
76%
Athletics
75%
Football
59%
Archery
49%
Gymnastics
49%
Table tennis
47%
Rugby
41%
Skeet
39%
Fencing
37%
Badminton
31%
Boxing
31%
Cycling
31%
Skateboard
31%
Climbing
25%
Horse riding
25%
Volleyball
22%
Rowing
18%
Canoe-Kayak
14%
Surf
14%
No matching quizzes found
Score Distribution
Percent of People with Each Score
Percentile by Number Answered
Your Score History
You have not taken this quiz since the last reset